000 00620nam a2200217 i 4500
001 C2-0168846
003 PPAK
005 20180728091413.0
008 980721s1995 my a|||| ||||| | eng d
020 _a9839592432
040 _aPPAK
_beng
_cPPAK
_erda
082 0 4 _a925.8
_2 23
090 0 0 _a925.8
_bSAL
_dR
245 0 0 _aSalleh his vision, his mission, his work.
264 1 _aKepong, Selangor :
_bForest Research Institute Malaysia ,
_c1995
300 _a320 pages :
_billustrations ;
_c30 cm
336 _2rdacontent
_atext
337 _2rdamedia
_aunmediated
338 _2rdacarrier
_avolume
942 _ddc
_cB
999 _c152943
_d152943